Southville International School and Colleges
Your cart is empty.
  • Cart
  • Lists
    Public lists Eva Luna New books Lux_list list_1
    Your lists Log in to create your own lists
  • Log in to your account
  • Your cookies
  • Search history
Southville International School and Colleges
  • Advanced search
  • Recent comments
  • Most popular
  • Libraries

Log in to your account

Log in with GOOGLE


If you do not have an external account, but do have a local account, you can still log in:

  1. Home
  2. MARC view: Modern political systems :
Normal view MARC view ISBD view

Modern political systems : (Record no. 14796)

[ view plain ]
MARC details
000 -LEADER
fixed length control field 00570nam a2200193 a 4500
003 - CONTROL NUMBER IDENTIFIER
control field PILC
005 - DATE AND TIME OF LATEST TRANSACTION
control field 20150112093442.0
008 - FIXED-LENGTH DATA ELEMENTS--GENERAL INFORMATION
fixed length control field 100713s19uu xx 00 eng d
020 ## - INTERNATIONAL STANDARD BOOK NUMBER
International Standard Book Number 013595361
050 ## - LIBRARY OF CONGRESS CALL NUMBER
Classification number JF 51
Item number .M6 1990
082 ## - DEWEY DECIMAL CLASSIFICATION NUMBER
Classification number PSSF 320.3094
Item number M72 1990
100 ## - MAIN ENTRY--PERSONAL NAME
Personal name Macridis, Roy C.
9 (RLIN) 11491
245 ## - TITLE STATEMENT
Title Modern political systems :
Remainder of title Europe /
250 ## - EDITION STATEMENT
Edition statement 7th ed. ed.
260 ## - PUBLICATION, DISTRIBUTION, ETC. (IMPRINT)
Place of publication, distribution, etc New Jersey :
Name of publisher, distributor, etc Prentice Hall, Inc,
Date of publication, distribution, etc 1990.
300 ## - PHYSICAL DESCRIPTION
Extent 429 pages :
Dimensions 24 cm.
650 ## - SUBJECT ADDED ENTRY--TOPICAL TERM
Topical term or geographic name as entry element Comparative government
General subdivision Europe- Politics and government
9 (RLIN) 20381
942 ## - ADDED ENTRY ELEMENTS (KOHA)
Source of classification or shelving scheme Library of Congress Classification
Koha item type Books
Holdings
Withdrawn status Lost status Source of classification or shelving scheme Damaged status Home library Current library Shelving location Date acquired Total Checkouts Full call number Barcode Date last seen Copy number Price effective from Koha item type
    Library of Congress Classification   Southville International School Affiliated with Foreign Universities Library Southville International School Affiliated with Foreign Universities Library Southville Foreign University Section 09/17/2013   JF 51 .M6 1990 SFU0254 05/15/2018 1 09/17/2013 Books

Modern political systems :

APA

Macridis R. C., . (1990). Modern political systems. New Jersey: Prentice Hall, Inc.

Chicago

Macridis Roy C, . 1990. Modern political systems. New Jersey: Prentice Hall, Inc.

Harvard

Macridis R. C., . (1990). Modern political systems. New Jersey: Prentice Hall, Inc.

MLA

Macridis Roy C, . Modern political systems. New Jersey: Prentice Hall, Inc. 1990.

  • Place hold
  • Print
  • Cite
  • Add to your cart (remove)
  • Save record
    BIBTEX Dublin Core MARCXML MARC (non-Unicode/MARC-8) MARC (Unicode/UTF-8) MARC (Unicode/UTF-8, Standard) MODS (XML) RIS
  • More searches
    Search for this title in:
    Other Libraries (WorldCat) Other Databases (Google Scholar) Online Stores (Bookfinder.com) Open Library (openlibrary.org)

Exporting to Dublin Core...

SOUTHVILLE LIBRARY

Southville International School and Colleges Library

1281 Tropical Ave. Cor. Luxembourg St., BF Homes International, Las Pinas City

Tel. No. 8256374 / 252358 Loc. 117/146

Powered by Koha